MARC details
| 000 -CABECERA |
| campo de control de longitud fija |
03001nam a22003734i 4500 |
| 001 - NÚMERO DE CONTROL |
| campo de control |
991061596585406706 |
| 003 - IDENTIFICADOR DEL NÚMERO DE CONTROL |
| campo de control |
ES-BaIT |
| 005 - FECHA Y HORA DE LA ÚLTIMA TRANSACCIÓN |
| campo de control |
20260121092847.0 |
| 008 - DATOS DE LONGITUD FIJA--INFORMACIÓN GENERAL |
| campo de control de longitud fija |
260121e202509 sp |||||| 000 d spa|c |
| 017 ## - NÚMERO DE COPYRIGHT O DE DEPÓSITO LEGAL |
| Número de copyright o de depósito legal |
M 2541-2025 |
| Agencia que asigna |
Oficina DL Madrid |
| 020 ## - NÚMERO INTERNACIONAL ESTÁNDAR DEL LIBRO |
| Número Internacional Estándar del Libro |
9791387624064 |
| 040 ## - FUENTE DE LA CATALOGACIÓN |
| Centro catalogador/agencia de origen |
ES-BaIT |
| Lengua de catalogación |
cat |
| Normas de descripción |
rda |
| Centro/agencia transcriptor |
ES-BaIT |
| 080 ## - NÚMERO DE LA CLASIFICACIÓN DECIMAL UNIVERSAL |
| Número de la Clasificación Decimal Universal |
839.7-2"19" |
| 100 ## - ENTRADA PRINCIPAL--NOMBRE DE PERSONA |
| Nombre de persona |
Norén, Lars, |
| Fechas asociadas al nombre |
1944- |
| Término indicativo de función/relación |
autor |
| 9 (RLIN) |
137528 |
| 245 10 - MENCIÓN DE TÍTULO |
| Título |
Trilogía de la vejez / |
| Mención de responsabilidad, etc. |
Lars Norén ; traducción de Carmen Montes Cano |
| 250 ## - MENCIÓN DE EDICIÓN |
| Mención de edición |
Primera edición |
| 264 #1 - PRODUCCIÓN, PUBLICACIÓN, DISTRIBUCIÓN, FABRICACIÓN Y COPYRIGHT |
| Producción, publicación, distribución, fabricación y copyright |
Madrid, España : |
| Nombre del de productor, editor, distribuidor, fabricante |
Punto de Vista Editores, |
| Fecha de producción, publicación, distribución, fabricación o copyright |
septiembre 2025 |
| 300 ## - DESCRIPCIÓN FÍSICA |
| Extensión |
253 pàgines ; |
| Dimensiones |
23 cm |
| 336 ## - TIPO DE CONTENIDO |
| Término de tipo de contenido |
text |
| Código de tipo de contenido |
txt |
| Fuente |
rdacontent |
| 337 ## - TIPO DE MEDIO |
| Nombre/término del tipo de medio |
sense mediació |
| Código del tipo de medio |
n |
| Fuente |
rdamedia |
| 338 ## - TIPO DE SOPORTE |
| Nombre/término del tipo de soporte |
volum |
| Código del tipo de soporte |
gt |
| Fuente |
rdacarrier |
| 490 1# - MENCIÓN DE SERIE |
| Mención de serie |
Colección Ómnibus Teatro. Obras ; |
| Designación de volumen o secuencia |
28 |
| 505 8# - NOTA DE CONTENIDO CON FORMATO |
| Nota de contenido con formato |
Conté: Andante ; Música de invierno ; Cenizas |
| 520 ## - SUMARIO, ETC. |
| Sumario, etc. |
"En esta trilogía —«Andante», «Música de invierno» y «Cenizas»—, Lars Norén compone un tríptico implacable sobre la vejez, la memoria y la disolución del yo. Ambientadas en espacios de reclusión –una residencia de ancianos, un paisaje nevado, una habitación en penumbra–, estas piezas abordan el último tramo de la vida como un territorio alucinado donde el lenguaje se fractura, los cuerpos se deshacen y los vínculos tambalean entre la ternura y la violencia.La vejez no aparece aquí como una etapa contemplativa, sino como un campo de batalla donde la conciencia se aferra a jirones de identidad, a recuerdos desordenados y a fragmentos de amor o culpa. Los personajes divagan, discuten, se confunden, se insultan y se cuidan en una atmósfera suspendida, marcada por la repetición, el silencio y lo absurdo. Sin redención ni consuelo, Norén convierte la escena en un espejo implacable que refleja el naufragio del tiempo y la persistencia —porfiada, absurda, a veces feroz— de la vida.Con esta edición, se presenta por primera vez en español una de las cimas de la dramaturgia escandinava contemporánea. El teatro de Norén, radical en su honestidad y en su forma, no busca representar la vejez, sino situarnos en ella: en su penumbra, en su fragilidad repetitiva, en su lógica quebrada. Un texto que exige al lector y al espectador una escucha activa, incómoda, pero necesaria. En una época que margina lo vulnerable y medicaliza la muerte, estas obras reabren preguntas que el teatro —todavía— tiene el coraje de sostener." -- Contracoberta |
| 650 #0 - PUNTO DE ACCESO ADICIONAL DE MATERIA--TÉRMINO DE MATERIA |
| Término de materia o nombre geográfico como elemento de entrada |
Vellesa |
| Subdivisión de forma |
Textos dramàtics |
| 9 (RLIN) |
162481 |
| 700 1# - ENTRADA AGREGADA--NOMBRE PERSONAL |
| Información de relación/Frase instructiva de referencia |
Contenidor de (expressió) : |
| Nombre de persona |
Norén, Lars, |
| Fechas asociadas al nombre |
1944- |
| Título de la obra |
Andante. |
| Lenguaje de la obra |
Castellà |
| 9 (RLIN) |
168100 |
| 700 1# - ENTRADA AGREGADA--NOMBRE PERSONAL |
| Información de relación/Frase instructiva de referencia |
Contenidor de (expressió) : |
| Nombre de persona |
Norén, Lars, |
| Fechas asociadas al nombre |
1944- |
| Título de la obra |
Vintermusik. |
| Lenguaje de la obra |
Castellà |
| 9 (RLIN) |
168101 |
| 700 1# - ENTRADA AGREGADA--NOMBRE PERSONAL |
| Información de relación/Frase instructiva de referencia |
Contenidor de (expressió) : |
| Nombre de persona |
Norén, Lars, |
| Fechas asociadas al nombre |
1944- |
| Título de la obra |
Stoft. |
| Lenguaje de la obra |
Castellà |
| 9 (RLIN) |
168102 |
| 700 ## - ENTRADA AGREGADA--NOMBRE PERSONAL |
| Nombre de persona |
Montes Cano, Carmen |
| Término indicativo de función/relación |
traductor |
| 9 (RLIN) |
145676 |
| 830 #0 - PUNTO DE ACCESO ADICIONAL DE SERIE-TÍTULO UNIFORME |
| Título uniforme |
Ómnibus teatro. |
| Nombre de parte o sección de la obra |
Serie Obras |
| Designación de volumen o secuencia |
28 |
| 9 (RLIN) |
156688 |
| 908 ## - COLOCAR PARÁMETRO DE COMANDO (RLIN) |
| Colocar parámetro de comando |
CDMAE |
| 940 ## - EQUIVALENCIA O REFERENCIA-CRUZADA--TÍTULO UNIFORME [OBSOLETO] [solamente CAN/MARC] |
| Título uniforme |
<a href="CDMAE">CDMAE</a> |
| 942 ## - ELEMENTOS DE ENTRADA AGREGADA (KOHA) |
| Fuente del sistema de clasificación o colocación |
Clasificación decimal universal |
| Tipo de ítem Koha |
Llibre |